[Event "HUN-chT2 Asztalos 1213"]
[Site "Hungary"]
[Date "2013.03.03"]
[Round "8.4"]
[White "Amrein, Roland"]
[Black "Mihaljevic, Branko"]
[Result "1-0"]
[WhiteElo "2209"]
[BlackElo "1906"]
[PlyCount "69"]
[EventDate "2012.09.16"]
[EventType "team-tourn"]
[EventRounds "9"]
[EventCountry "HUN"]
[SourceTitle "EXT 2014"]
[Source "ChessBase"]
[SourceDate "2013.11.20"]
[SourceVersion "1"]
[SourceVersionDate "2013.11.20"]
[SourceQuality "1"]
[WhiteTeam "Nagyatad"]
[BlackTeam "Mohacs"]
[WhiteTeamCountry "HUN"]
[BlackTeamCountry "HUN"]

1. e4 c5 2. Nf3 d6 3. c3 Nf6 4. Be2 a6 5. 0-0 Nc6 6. d4 cxd4 7. cxd4 e6 8. Nc3 Be7 9. Bd3 Bd7 10. Qe2 Qc7 11. Re1 e5 12. Nd5 Nxd5 13. exd5 Nb4 14. dxe5 Nxd5 15. Bc4 Be6 16. Bxd5 Bxd5 17. exd6 Qxd6 18. Bf4 Qe6 19. Qd2 Be4 20. Ng5 Bxg5 21. Rxe4 Qxe4 22. Re1 Qxe1+ 23. Qxe1+ Kd7 24. Qd1+ Ke8 25. Bxg5 f6 26. Qh5+ g6 27. Qe2+ Kd7 28. Qd3+ Kc6 29. Qc4+ Kd6 30. Bf4+ Kd7 31. Qf7+ Kc6 32. Qe6+ Kc5 33. Be3+ Kb5 34. Qd5+ Ka4 35. Qb3+ 1-0

[Event "HUN-chT2 Asztalos 1011"]
[Site "Hungary"]
[Date "2011.04.17"]
[Round "9.7"]
[White "Galambos, Menyhert"]
[Black "Mihaljevic, Branko"]
[Result "1-0"]
[WhiteElo "1921"]
[BlackElo "1958"]
[PlyCount "57"]
[EventDate "2010.09.12"]
[EventType "team-tourn"]
[EventRounds "11"]
[EventCountry "HUN"]
[SourceTitle "EXT 2012"]
[Source "ChessBase"]
[SourceDate "2011.11.24"]
[SourceVersion "1"]
[SourceVersionDate "2011.11.24"]
[SourceQuality "1"]
[WhiteTeam "Baja"]
[BlackTeam "Mohacs"]
[WhiteTeamCountry "HUN"]
[BlackTeamCountry "HUN"]

1. d4 f5 2. g3 e6 3. c4 c6 4. Nc3 d5 5. cxd5 exd5 6. Nf3 Nf6 7. Bg2 Bd6 8. 0-0 0-0 9. e3 Qe7 10. a3 b6 11. b4 a5 12. b5 Bb7 13. Nd2 Ne4 14. Ndxe4 fxe4 15. bxc6 Bxc6 16. Qb3 Nd7 17. Bxe4 a4 18. Bxd5+ Bxd5 19. Qxd5+ Kh8 20. Nb5 Rad8 21. Qxd6 Qg5 22. Qb4 Rf5 23. Nd6 Rf3 24. e4 Qg6 25. Nf5 Qh5 26. Qe7 Rg8 27. Qxd7 g6 28. d5 Rb3 29. Bf4 1-0

[Event "HUN-chT2 Asztalos 1011"]
[Site "Hungary"]
[Date "2010.10.10"]
[Round "3.8"]
[White "Mihaljevic, Branko"]
[Black "Fehervari, Istvan"]
[Result "1/2-1/2"]
[WhiteElo "1958"]
[BlackElo "2015"]
[PlyCount "100"]
[EventDate "2010.09.12"]
[EventType "team-tourn"]
[EventRounds "11"]
[EventCountry "HUN"]
[SourceTitle "EXT 2012"]
[Source "ChessBase"]
[SourceDate "2011.11.24"]
[SourceVersion "1"]
[SourceVersionDate "2011.11.24"]
[SourceQuality "1"]
[WhiteTeam "Mohacs"]
[BlackTeam "Fehervar"]
[WhiteTeamCountry "HUN"]
[BlackTeamCountry "HUN"]

1. f4 d5 2. e3 g6 3. Nf3 Bg7 4. Nc3 Nf6 5. b3 c5 6. Bd3 Nc6 7. a3 0-0 8. Bb2 a6 9. Ne2 b5 10. Ng3 e6 11. Ne5 Bb7 12. Nxc6 Bxc6 13. 0-0 Rc8 14. Be5 Bb7 15. Be2 c4 16. b4 Nd7 17. Bxg7 Kxg7 18. Bf3 Qb6 19. c3 Nf6 20. Ne2 Rfe8 21. g4 Nd7 22. Qe1 e5 23. Qg3 f6 24. h4 exf4 25. Nxf4 Re5 26. a4 Ra8 27. a5 Qd6 28. Rae1 Qe7 29. Qg2 Qf7 30. Kf2 Rae8 31. Ne2 R5e7 32. Nf4 Ne5 33. g5 f5 34. Kg1 Nxf3+ 35. Qxf3 d4 36. Qg3 dxc3 37. dxc3 Re4 38. Re2 Qe7 39. Rfe1 Qe5 40. h5 Qxc3 41. hxg6 hxg6 42. Qh2 Rh8 43. Ne6+ Rxe6 44. Qc7+ Kf8 45. Qxb7 Qd3 46. Qc8+ Re8 47. Qxa6 Qd5 48. Qf6+ Kg8 49. Qxg6+ Kf8 50. Qf6+ Kg8 1/2-1/2

[Event "HUN-chT2 Asztalos 0809"]
[Site "Hungary"]
[Date "2009.04.19"]
[Round "11"]
[White "Brindza, Istvan"]
[Black "Mihaljevic, Branko"]
[Result "1/2-1/2"]
[WhiteElo "2047"]
[BlackElo "1963"]
[PlyCount "31"]
[EventDate "2008.10.26"]
[EventType "tourn"]
[EventRounds "11"]
[EventCountry "HUN"]
[SourceTitle "EXT 2010"]
[Source "ChessBase"]
[SourceDate "2010.11.25"]
[SourceVersion "1"]
[SourceVersionDate "2010.11.25"]
[SourceQuality "1"]
[WhiteTeam "Baja"]
[BlackTeam "Mohacs"]
[WhiteTeamCountry "HUN"]
[BlackTeamCountry "HUN"]

1. e4 Nc6 2. Nf3 f5 3. e5 e6 4. d4 d6 5. Bf4 dxe5 6. Bxe5 Nxe5 7. Nxe5 Nf6 8. c3 Be7 9. Be2 0-0 10. Nd2 c5 11. Ndf3 Qc7 12. Qb3 Nd5 13. 0-0 b6 14. Nd2 Rb8 15. Bf3 Bb7 16. g3 1/2-1/2

[Event "HUN-chT2 Asztalos 0809"]
[Site "Hungary"]
[Date "2009.02.08"]
[Round "7"]
[White "Schmikl, Matyas"]
[Black "Mihaljevic, Branko"]
[Result "1/2-1/2"]
[WhiteElo "1926"]
[BlackElo "1963"]
[PlyCount "77"]
[EventDate "2008.10.26"]
[EventType "tourn"]
[EventRounds "11"]
[EventCountry "HUN"]
[SourceTitle "EXT 2010"]
[Source "ChessBase"]
[SourceDate "2010.11.25"]
[SourceVersion "1"]
[SourceVersionDate "2010.11.25"]
[SourceQuality "1"]
[WhiteTeam "Tamasi Szabadido"]
[BlackTeam "Mohacs"]
[WhiteTeamCountry "HUN"]
[BlackTeamCountry "HUN"]

1. Nf3 Nc6 2. d4 d5 3. Bf4 f5 4. e3 Nf6 5. c4 e6 6. a3 a5 7. Nc3 Ne4 8. Rc1 Bd6 9. Bxd6 Qxd6 10. Nb5 Qe7 11. cxd5 exd5 12. g3 0-0 13. Be2 g5 14. h4 h6 15. hxg5 hxg5 16. Ne5 Nxe5 17. dxe5 c6 18. Bf1 g4 19. Nd6 Qxe5 20. Nxe4 Qxe4 21. Rh2 Kg7 22. Be2 Be6 23. Qc2 Qe5 24. Bxg4 Rh8 25. Rxh8 Rxh8 26. Bf3 d4 27. Qc5 Qxc5 28. Rxc5 dxe3 29. fxe3 a4 30. Bd1 Rh1+ 31. Kd2 Rg1 32. Bxa4 Rxg3 33. Bc2 Kf6 34. a4 Bd5 35. a5 Rg2+ 36. Kc3 Ke5 37. Bb3 Kd6 38. Bxd5 cxd5 39. Rb5 1/2-1/2

[Event "HUN-chT2 Asztalos 0809"]
[Site "Hungary"]
[Date "2008.10.26"]
[Round "1"]
[White "Vince, Andrea"]
[Black "Mihaljevic, Branko"]
[Result "1-0"]
[WhiteElo "2029"]
[BlackElo "1963"]
[PlyCount "57"]
[EventDate "2008.10.26"]
[EventType "tourn"]
[EventRounds "11"]
[EventCountry "HUN"]
[SourceTitle "EXT 2010"]
[Source "ChessBase"]
[SourceDate "2010.11.25"]
[SourceVersion "1"]
[SourceVersionDate "2010.11.25"]
[SourceQuality "1"]
[WhiteTeam "Szekszard/Decs II"]
[BlackTeam "Mohacs"]
[WhiteTeamCountry "HUN"]
[BlackTeamCountry "HUN"]

1. d4 Nf6 2. c4 e6 3. Nc3 d5 4. cxd5 exd5 5. Bg5 Be7 6. e3 c6 7. Qc2 Nbd7 8. Bd3 b6 9. Nf3 h6 10. Bf4 Bb7 11. a3 Rc8 12. g4 c5 13. 0-0-0 a6 14. Kb1 b5 15. Qe2 Qa5 16. e4 g5 17. exd5 Kf8 18. d6 Bd8 19. Be5 cxd4 20. Bxd4 Rg8 21. Bf5 Rc4 22. Rhe1 Bxf3 23. Qxf3 Bb6 24. Bxd7 Bxd4 25. Rxd4 Nxd7 26. Rxc4 bxc4 27. Re7 Ne5 28. Qf6 Rg6 29. Re8+ 1-0

[Event "HUN-chT2 Asztalos 0708"]
[Site "Hungary"]
[Date "2008.03.02"]
[Round "7"]
[White "Kis, Jozsef1"]
[Black "Mihaljevic, Branko"]
[Result "1/2-1/2"]
[WhiteElo "2138"]
[BlackElo "1981"]
[PlyCount "20"]
[EventDate "2007.10.14"]
[EventType "team-tourn"]
[EventRounds "11"]
[EventCountry "HUN"]
[SourceTitle "EXT 2009"]
[Source "ChessBase"]
[SourceDate "2008.11.26"]
[SourceVersion "1"]
[SourceVersionDate "2008.11.26"]
[SourceQuality "1"]
[WhiteTeam "Paks ASE"]
[BlackTeam "Mohacs"]
[WhiteTeamCountry "HUN"]
[BlackTeamCountry "HUN"]

1. c4 c5 2. Nc3 Nc6 3. g3 g6 4. Bg2 Bg7 5. Nf3 d6 6. 0-0 h6 7. e3 e5 8. d3 Nge7 9. a3 0-0 10. Rb1 a5 1/2-1/2

[Event "HUN-chT2 Asztalos 0708"]
[Site "Hungary"]
[Date "2007.12.16"]
[Round "5"]
[White "Ferencz, Miklos"]
[Black "Mihaljevic, Branko"]
[Result "1-0"]
[WhiteElo "2130"]
[BlackElo "1981"]
[PlyCount "29"]
[EventDate "2007.10.14"]
[EventType "team-tourn"]
[EventRounds "11"]
[EventCountry "HUN"]
[SourceTitle "EXT 2009"]
[Source "ChessBase"]
[SourceDate "2008.11.26"]
[SourceVersion "1"]
[SourceVersionDate "2008.11.26"]
[SourceQuality "1"]
[WhiteTeam "Nagyatad"]
[BlackTeam "Mohacs"]
[WhiteTeamCountry "HUN"]
[BlackTeamCountry "HUN"]

1. e4 c5 2. Nf3 e6 3. d4 b6 4. d5 exd5 5. Qxd5 Nc6 6. Ne5 Qf6 7. Bc4 Nxe5 8. Qxa8 Ne7 9. Ba6 Kd8 10. Nc3 Qg6 11. Bf4 N5c6 12. 0-0-0 Nb4 13. Bxc8 Nxc8 14. a3 Nc6 15. Nb5 1-0